000 00681nam a2200289Ia 4500
005 20260324112559.0
008 008 260324s9999 xx 000 0 eng d
020 _a9781003197362
037 _aEBOOK
040 _aCRL
040 _beng
040 _cCRL
041 _2eng
041 _aeng
084 _qCRL
100 _aGeorgia Giannakopoulou
_91143294
245 0 _aBuilding Modern Antiquity
245 0 _bHymns and Laments for Athens
260 _bTaylor and Francis
260 _c2024
365 _a
365 _b220
856 _uhttp://www.taylorfrancis.com/books/9781003197362
942 _cEBOOK
999 _c1732552
_d1732552